| 000 | 01410 a2200217 4500 | ||
|---|---|---|---|
| 001 | 4280 | ||
| 005 | 20260407155433.0 | ||
| 008 | 260407a2008 arg spa d | ||
| 003 | AR-UNSa-BCEJYS | ||
| 040 |
_aAR-UNSa-BCEJYS _bspa _cAR-UNSa-BCEJYS |
||
| 080 |
_a330.101.542 _xMicroeconomía |
||
| 245 | 1 | 0 |
_aTeoría microeconómica _pprincipios básicos y ampliaciones |
| 020 | _a978-970-686-548-9 | ||
| 250 | _a9a. ed. | ||
| 264 | 1 |
_aMéxico : _bCengage Learning Editores _c2008 |
|
| 300 |
_axvi, 671 p. _c26 cm. |
||
| 505 | _a1. Modelos Económicos - 2. Las matemáticas de la optimización - 3. Preferencias y utilidad - 4. Maximización de la utilidad y elección - 5. Efecto ingreso y efecto sustitución - 6. Relaciones de demanda entre bienes - 7. Funciones de producción - 8. Funciones de costos - 9. Maximización de las ganancias - 10. Modelo de equilibrio parcial en competencia perfecta - 11. Análisis aplicado de la competencia - 12. Equilibrio general y bienestar - 13. Modelos de monopolio - 14. Modelos tradicionales de competencia imperfecta - 15. Modelo de teoría de juegos para determinar los precios - 16. Mercado de trabajo - 17. Mercado de capital - 18. Incertidumbre y aversión al riesgo - 19. Economía de la información - 20. Externalidades y bienes públicos - 21. Economía política | ||
| 942 | _cBK | ||
| 590 | _aniveau_biblio:m niveau_hierar:0 | ||
| 100 | 1 | _aNicholson, Walter | |
| 999 |
_c410 _d410 |
||